000
00333nam a2200145Ia 4500
999
_c
10596
_d
10596
003
OSt
005
20220408160406.0
008
220318s9999 xx 000 0 und d
020
_a
9788499369617
082
_a
712
100
_a
David Andreu
245
0
_a
Architecture today : landscape
260
_a
Loft Publication
942
_2
ddc